[Event "Outaouais-ch"]
[Site "Hull"]
[Date "1981.??.??"]
[Round "1"]
[White "Lawrence, Francois"]
[Black "Jobin, Gilles G"]
[Result "0-1"]
[WhiteElo "1630"]
[BlackElo "1713"]
[PlyCount "126"]
[EventDate "1981.??.??"]
[EventType "swiss"]
[EventRounds "9"]
[EventCountry "CAN"]
[SourceTitle "EXT 2022"]
[Source "ChessBase"]
[SourceDate "2021.10.06"]
[SourceVersion "1"]
[SourceVersionDate "2021.10.06"]
[SourceQuality "1"]

1. e4 Nc6 2. Nf3 d5 3. exd5 Qxd5 4. Nc3 Qa5 5. d4 Bg4 6. Be2 0-0-0 7. Be3 e6 8. a3 Nf6 9. 0-0 Nd5 10. Nxd5 Qxd5 11. c4 Qd7 12. Qc2 Bxf3 13. Bxf3 Nxd4 14. Bxd4 Qxd4 15. Rfd1 Qf6 16. Rxd8+ Qxd8 17. Rd1 Qh4 18. c5 Be7 19. c6 b5 20. Qc3 Bf6 21. Qc5 Qa4 22. b3 Qa5 23. Be2 Rd8 24. Rxd8+ Bxd8 25. g3 Qb6 26. Qxb6 cxb6 27. Bxb5 a5 28. Ba4 Be7 29. b4 axb4 30. axb4 Bxb4 31. Kg2 Bd6 32. Kf3 Kb8 33. Ke4 Ka7 34. Kd4 Ka6 35. Kc4 Ka5 36. Bc2 b5+ 37. Kb3 h6 38. h3 f5 39. Bd1 Kb6 40. Bf3 Bc5 41. g4 g6 42. gxf5 gxf5 43. Bg2 Bxf2 44. Bf3 e5 45. Bd5 Bc5 46. Kc3 Bd6 47. Be6 Kxc6 48. Bxf5 Kd5 49. Kd2 Kd4 50. Ke2 Kc3 51. Kd1 Ba3 52. Ke2 b4 53. Ke3 b3 54. Ke4 Bd6 55. Ke3 Kb2 56. Kd2 Ka1 57. Kc3 b2 58. Kd2 b1Q 59. Bxb1 Kxb1 60. Kd3 Kc1 61. Ke3 Kc2 62. Ke2 Bc5 63. Kf3 Kd3 0-1